000 00292nam a2200121Ia 4500
100 _aRajaRAMAN/ V.
942 _cBK
654 _aAnalog Computation & Simulation
245 _aAnalog Computation & Simulation
260 _bPrentice Hall
_aNew Delhi
_c1986
546 _aENGLISH
999 _c26481
_d26481